Online
Catalog

Identidad del arca / (Record no. 48953)

MARC details
000 -CABECERA
campo de control de longitud fija 00749nam a22001817a 4500
003 - IDENTIFICADOR DEL NÚMERO DE CONTROL
campo de control OSt
005 - FECHA Y HORA DE LA ÚLTIMA TRANSACCIÓN
campo de control 20201027105841.0
008 - DATOS DE LONGITUD FIJA--INFORMACIÓN GENERAL
campo de control de longitud fija 201023b 1986 dr 00| 0 eng d
040 ## - FUENTE DE LA CATALOGACIÓN
Centro catalogador/agencia de origen DO-SdBNP
Lengua de catalogación spa
Centro/agencia transcriptor BNPHU
100 1# - ENTRADA PRINCIPAL--NOMBRE DE PERSONA
Nombre de persona Vanier, Jean
9 (RLIN) 43848
245 10 - MENCIÓN DE TÍTULO
Título Identidad del arca /
Mención de responsabilidad, etc. Jean Vanier, Claire de Miribel.
260 ## - PUBLICACIÓN, DISTRIBUCIÓN, ETC.
Lugar de publicación, distribución, etc. Santo Domingo :
Nombre del editor, distribuidor, etc. Amigo del Hogar,
Fecha de publicación, distribución, etc. 1986?
300 ## - DESCRIPCIÓN FÍSICA
Extensión 32 p. ;
Dimensiones 21 cm.
500 ## - NOTA GENERAL
Nota general Artículo de Jean Vanier, publicado en cartas del Arca. Septiembre 86.
500 ## - NOTA GENERAL
Nota general Claire de Miribel, coordinadora Internacional del Arca desde hace cuatro años, llego al arca en 1972. Vive en el hogar de Massabielle. Su artículo continua y completa el de Jean Vanier.
700 1# - PUNTO DE ACCESO ADICIONAL--NOMBRE DE PERSONA
Nombre de persona Miribel, Claire de
9 (RLIN) 77010
942 ## - ELEMENTOS DE PUNTO DE ACCESO ADICIONAL (KOHA)
Fuente del sistema de clasificación o colocación Dewey Decimal Classification
Tipo de ítem Koha Libro
Holdings
Estado de retiro Estado de pérdida Fuente del sistema de clasificación o colocación No para préstamo Código de colección Localización permanente Ubicación/localización actual Ubicación en estantería Fecha de adquisición Total de préstamos Fecha visto por última vez Precio válido a partir de Tipo de ítem Koha
    Dewey Decimal Classification   Monografías: Libros y Folletos Biblioteca Nacional Pedro Henríquez Ureña Biblioteca Nacional Pedro Henríquez Ureña En catalogación 23.10.2020   23.10.2020 23.10.2020 Libro

Powered by Koha